000 00379nam a22001577a 4500
003 OSt
008 210217b ||||| |||| 00| 0 eng d
020 _a9788131261187
100 _aEVANS,William Charles
245 _aTrease and Evans: Pharmacognosy
250 _a16th
260 _aNew Delhi
_bElsevier
_c2019
300 _a603
650 _aPharmacognosy
942 _2ddc
_cBK
999 _c10466
_d10466